[Event "AUT-ch U18"]
[Site "St Veit"]
[Date "2023.04.06"]
[Round "7"]
[White "Karner, Daniel"]
[Black "Eder, David"]
[Result "1-0"]
[WhiteElo "1863"]
[BlackElo "1523"]
[PlyCount "47"]
[EventDate "2023.04.02"]
[EventType "swiss"]
[EventRounds "7"]
[EventCountry "AUT"]
[SourceTitle "EXT 2024"]
[Source "ChessBase"]
[SourceDate "2023.10.10"]
[SourceVersion "1"]
[SourceVersionDate "2023.10.10"]
[SourceQuality "1"]

1. e4 e5 2. Nf3 Nc6 3. Bb5 a6 4. Bxc6 dxc6 5. 0-0 f6 6. d4 exd4 7. e5 Be7 8. Re1 fxe5 9. Rxe5 Nf6 10. Qe2 Bg4 11. Bg5 Kf7 12. Nbd2 Bd6 13. Re1 Bxf3 14. Nxf3 Bxe5 15. Nxe5+ Kf8 16. Qf3 Qd6 17. Bxf6 gxf6 18. Nc4 Qd7 19. Qxf6+ Kg8 20. Re7 Qxe7 21. Qxe7 Rf8 22. Ne5 h6 23. Qe6+ Kg7 24. Qg6# 1-0